Entrepreneurship development in India / (Record no. 27521)
[ view plain ]
| 000 -LEADER | |
|---|---|
| fixed length control field | 03427cam a22005778i 4500 |
| 001 - CONTROL NUMBER | |
| control field | 9781003165996 |
| 003 - CONTROL NUMBER IDENTIFIER | |
| control field | FlBoTFG |
| 005 - DATE AND TIME OF LATEST TRANSACTION | |
| control field | 20240802125008.0 |
| 006 - FIXED-LENGTH DATA ELEMENTS--ADDITIONAL MATERIAL CHARACTERISTICS | |
| fixed length control field | m o d |
| 007 - PHYSICAL DESCRIPTION FIXED FIELD--GENERAL INFORMATION | |
| fixed length control field | cr ||||||||||| |
| 008 - FIXED-LENGTH DATA ELEMENTS--GENERAL INFORMATION | |
| fixed length control field | 210205s2021 nyu ob 001 0 eng |
| 020 ## - INTERNATIONAL STANDARD BOOK NUMBER | |
| International Standard Book Number | 9781003165996 |
| Qualifying information | (ebook) |
| International Standard Book Number | 1003165990 |
| International Standard Book Number | 9781000412024 |
| Qualifying information | (electronic bk. : PDF) |
| International Standard Book Number | 1000412024 |
| Qualifying information | (electronic bk. : PDF) |
| International Standard Book Number | 9781000412055 |
| Qualifying information | (electronic bk. : EPUB) |
| International Standard Book Number | 1000412059 |
| Qualifying information | (electronic bk. : EPUB) |
| Canceled/invalid ISBN | 9780367762193 |
| Qualifying information | (hardback) |
| Canceled/invalid ISBN | 9780367762216 |
| Qualifying information | (paperback) |
| 035 ## - SYSTEM CONTROL NUMBER | |
| System control number | (OCoLC)1236898471 |
| System control number | (OCoLC-P)1236898471 |
| 040 ## - CATALOGING SOURCE | |
| Original cataloging agency | OCoLC-P |
| Language of cataloging | eng |
| Description conventions | rda |
| Transcribing agency | OCoLC-P |
| 050 00 - LIBRARY OF CONGRESS CALL NUMBER | |
| Classification number | HD2346.I5 |
| 072 #7 - SUBJECT CATEGORY CODE | |
| Subject category code | BUS |
| Subject category code subdivision | 025000 |
| Source | bisacsh |
| Subject category code | BUS |
| Subject category code subdivision | 035000 |
| Source | bisacsh |
| Subject category code | BUS |
| Subject category code subdivision | 092000 |
| Source | bisacsh |
| Subject category code | KC |
| Source | bicssc |
| 082 00 - DEWEY DECIMAL CLASSIFICATION NUMBER | |
| Classification number | 338/.040954 |
| Edition number | 23 |
| 100 1# - MAIN ENTRY--PERSONAL NAME | |
| Personal name | Biswas, Debasish, |
| Relator term | author. |
| 245 10 - TITLE STATEMENT | |
| Title | Entrepreneurship development in India / |
| Statement of responsibility, etc. | Debasish Biswas and Chanchal Dey. |
| 264 #1 - PRODUCTION, PUBLICATION, DISTRIBUTION, MANUFACTURE, AND COPYRIGHT NOTICE | |
| Place of production, publication, distribution, manufacture | New York, NY : |
| Name of producer, publisher, distributor, manufacturer | Routledge, |
| Date of production, publication, distribution, manufacture, or copyright notice | 2021. |
| 300 ## - PHYSICAL DESCRIPTION | |
| Extent | 1 online resource. |
| 336 ## - CONTENT TYPE | |
| Content type term | text |
| Content type code | txt |
| Source | rdacontent |
| 337 ## - MEDIA TYPE | |
| Media type term | computer |
| Media type code | c |
| Source | rdamedia |
| 338 ## - CARRIER TYPE | |
| Carrier type term | online resource |
| Carrier type code | cr |
| Source | rdacarrier |
| 490 0# - SERIES STATEMENT | |
| Series statement | Routledge focus on business and management |
| 520 ## - SUMMARY, ETC. | |
| Summary, etc. | "Entrepreneurship development is a major area of focus today as it has huge potential in creating jobs and self-employability and thus contributing to economic development. India, in the last few years in particular, has seen exponential growth of start-ups and new age entrepreneurs. Both the Central and State Governments have been taking proactive steps towards the development of entrepreneurship in the country. The Government has launched various schemes and programs to attract investors and creating a healthy ecosystem for entrepreneurship. India is one of the largest homes of start-ups in the world and has been highly successful in bringing significant amount of Foreign Direct Investment (FDI). Moreover, the Government is taking active steps in removal of the bureaucratic hurdles and bottlenecks so that entrepreneurship development is encouraged. In order to promote the culture of entrepreneurship development, the subject has been made part of the curriculum at both undergraduate and postgraduate levels across disciplines. This book is a sincere attempt to build the fundamentals of the subject amongst the students alongside motivating them to become future entrepreneurs. It will be of interest to researchers, academics, and students in the fields of business administration, management, and entrepreneurship"-- |
| Assigning source | Provided by publisher. |
| 588 ## - SOURCE OF DESCRIPTION NOTE | |
| Source of description note | OCLC-licensed vendor bibliographic record. |
| 650 #0 - SUBJECT ADDED ENTRY--TOPICAL TERM | |
| Topical term or geographic name entry element | Small business |
| Geographic subdivision | India. |
| Topical term or geographic name entry element | Entrepreneurship |
| Geographic subdivision | India. |
| Topical term or geographic name entry element | New business enterprises |
| Geographic subdivision | India. |
| Topical term or geographic name entry element | Industrial policy |
| Geographic subdivision | India. |
| Topical term or geographic name entry element | Economic development |
| Geographic subdivision | India. |
| Topical term or geographic name entry element | BUSINESS & ECONOMICS / Entrepreneurship |
| Source of heading or term | bisacsh |
| Topical term or geographic name entry element | BUSINESS & ECONOMICS / International / General |
| Source of heading or term | bisacsh |
| Topical term or geographic name entry element | BUSINESS & ECONOMICS / Development / General |
| Source of heading or term | bisacsh |
| 700 1# - ADDED ENTRY--PERSONAL NAME | |
| Personal name | Dey, Chanchal, |
| Relator term | author. |
| 856 40 - ELECTRONIC LOCATION AND ACCESS | |
| Materials specified | Taylor & Francis |
| Uniform Resource Identifier | <a href="https://www.taylorfrancis.com/books/9781003165996">https://www.taylorfrancis.com/books/9781003165996</a> |
| Materials specified | OCLC metadata license agreement |
| Uniform Resource Identifier | <a href="http://www.oclc.org/content/dam/oclc/forms/terms/vbrl-201703.pdf">http://www.oclc.org/content/dam/oclc/forms/terms/vbrl-201703.pdf</a> |
| 942 ## - ADDED ENTRY ELEMENTS (KOHA) | |
| Source of classification or shelving scheme | |
| Koha item type | E-Book |
No items available.